Roofing : technical review (Record no. 8005)

000 -LEADER
fixed length control field 00312nam a22001217a 4500
008 - FIXED-LENGTH DATA ELEMENTS--GENERAL INFORMATION
fixed length control field 200616b ||||| |||| 00| 0 eng d
020 ## - INTERNATIONAL STANDARD BOOK NUMBER
International Standard Book Number 9781859462539
082 ## - DEWEY DECIMAL CLASSIFICATION NUMBER
Classification number 690.15
Item number GAR
100 ## - MAIN ENTRY--PERSONAL NAME
Personal name Garrand, Christopher
245 ## - TITLE STATEMENT
Title Roofing : technical review
260 ## - PUBLICATION, DISTRIBUTION, ETC. (IMPRINT)
Place of publication, distribution, etc London
Name of publisher, distributor, etc RIBA Publishing
Date of publication, distribution, etc 2008
942 ## - ADDED ENTRY ELEMENTS (KOHA)
Source of classification or shelving scheme
Holdings
Withdrawn status Lost status Source of classification or shelving scheme Damaged status Koha normalized classification for sorting Not for loan Permanent location Current location Date acquired Full call number Barcode Date last seen Price effective from Koha item type
        690_150000000000000_GAR   BMS College of Architecture, Design and Planning BMS College of Architecture, Design and Planning 2020-06-16 690.15 GAR AR-UG1675 2020-06-16 2020-06-16 UG Books
Copyright © 2025, The Librarian, Library and Information Centre, BMSCA D&P, Bengaluru. All Rights Reserved
web counter

Powered by Koha